000 00374nam a22001457a 4500
999 _c524210
_d524210
020 _a9787300246239
040 _cNUST
082 _a327
_bMIF
100 _aMifen yang
_915025
245 _aOpinion of china : Insight international hotspot Issues
260 _aChina
_bChina renmin university press
_c2017
300 _aill,264,p,:
500 _aP.B
942 _2ddc
_cBK